Najludniejsze państwa świata - Statystyki

Ogólne statystyki
  • Ten quiz został rozwiązany 94 razy
    93 od ostatniego zresetowania
  • Średni wynik to 7 z 12
Statystyki odpowiedzi
Państwo % Poprawnych
Watykan
90%
San Marino
82%
Monako
79%
Andora
75%
Liechtenstein
74%
Wyspy Marshalla
60%
Nauru
57%
Palau
53%
Saint Kitts i Nevis
52%
Tuvalu
49%
Antigua i Barbuda
33%
Dominika
29%
Nie znaleziono quizów pasujących do podanych kryteriów
Rozkład punktacji
Procent ludzi z każdym wynikiem
Percentyl według liczby udzielonych odpowiedzi
Twoja historia wyników
Nie rozwiązałeś tego quizu od ostatniego zresetowania